Tradiciones y Saberes sobre Plantas Medicinales : (Record no. 23588)

000 -CABECERA
fixed length control field 01310nam a22002777a 4500
003 - IDENTIFICADOR DEL NÚMERO DE CONTROL
control field AR-CdUCM
008 - DATOS DE LONGITUD FIJA--INFORMACIÓN GENERAL
fixed length control field 260401b2024 pe ||||| |||| 00| 0 spa d
020 ## - NÚMERO INTERNACIONAL ESTÁNDAR DEL LIBRO
ISBN N° 978-612-49787-5-3
040 ## - FUENTE DE LA CATALOGACIÓN
Agencia/entidad que catalogó originalmente la obra MUNICIPALIDAD PROVINCIAL DEL CUSCO
Entidad que transcribió la catalogación BIBLIOTECA MUNICIPAL DEL CUSCO
082 ## - NÚMERO DE LA CLASIFICACIÓN DECIMAL DEWEY
No. de Clasificación 615.3 /
Notacion interna C46
110 ## - ENTRADA PRINCIPAL--NOMBRE DE ENTIDAD CORPORATIVA
Nombre de la institución, jurisdicción como entrada principal Centro Regional para la Salvaguardia del Patrimonio Cultural Inmaterial de América Latina CRESPIAL
9 (RLIN) 52451
245 ## - MENCIÓN DE TÍTULO
Título Tradiciones y Saberes sobre Plantas Medicinales :
Resto del título (Familias rurales del valle del rio Zuña) /
260 ## - PUBLICACIÓN, DISTRIBUCIÓN, ETC.
Lugar de publicación, distribución, etc. Cusco - Perú :
Nombre de la editorial, distribuidor, etc. Centro Regional para la Salvaguardia del Patrimonio Cultural Inmaterial de América Latina CRESPIAL,
Fecha de publicación, distribución, etc. 2024.
300 ## - DESCRIPCIÓN FÍSICA
Nº de Páginas Extensión 48 Páginas. :
Otros detalles físicos figuras
Dimensiones 15 x 21 cm.
500 ## - NOTA GENERAL
Bibliografía Página 48
505 ## - NOTA DE CONTENIDO CON FORMATO
Nota de contenido formateada Contenido: I. Diversidad de flora -- II. Plantas medicinales en la parte baja del valle del río Zaña -- III. Portadores de conocimientos tradicionales -- IV. Importancia de la participación ciudadana y el accionar de las familias rurales....
650 ## - PUNTO DE ACCESO ADICIONAL DE MATERIA--TÉRMINO DE MATERIA
Descriptor Plantas medicinales
9 (RLIN) 14338
650 ## - PUNTO DE ACCESO ADICIONAL DE MATERIA--TÉRMINO DE MATERIA
Descriptor Árboles con propiedades
9 (RLIN) 52504
650 ## - PUNTO DE ACCESO ADICIONAL DE MATERIA--TÉRMINO DE MATERIA
Descriptor Sabedores populares
9 (RLIN) 52505
650 ## - PUNTO DE ACCESO ADICIONAL DE MATERIA--TÉRMINO DE MATERIA
Descriptor Achicoria
9 (RLIN) 52506
650 ## - PUNTO DE ACCESO ADICIONAL DE MATERIA--TÉRMINO DE MATERIA
Descriptor San Juan
9 (RLIN) 52507
856 ## - LOCALIZACIÓN Y ACCESO ELECTRÓNICOS
Dirección electrónica www.crespial.org
942 ## - ELEMENTOS DE PUNTO DE ACCESO ADICIONAL (KOHA)
Fuente de clasificación
Tipo de item Libros-BMC
945 ## - PROCESAMIENTO DE INFORMACIÓN LOCAL (OCLC)
Catalogador jmcs
AAAA-MM-DD - Fecha de ingreso o modificacion 1/04/2026
Holdings
Estado de retiro (separado) Fuente de clasificación o esquema de estanterías Estado dañado Ubicación Sala donde se ubica Nombre de la colección Fecha de adquisición o compra Fuente de adquisición Costo, precio normal en soles Signatura topográfica Código de Barras Última vez visto (Koha) Tipo de ítem (Koha)
No     Sala Ciencias Sala Ciencias Book Cart 2026-04-01 Donación 10.00 615.3 / C46 SC0000002450 2026-04-01 Libros-BMC

Powered by Koha